Masalah pelajar Maktab Perguruan Ilmu Khas, Kuala Lumpur /
محفوظ في:
| المؤلف الرئيسي: | |
|---|---|
| التنسيق: | أطروحة كتاب |
| اللغة: | Malay |
| منشور في: |
1987.
|
| الموضوعات: | |
| الوسوم: |
إضافة وسم
لا توجد وسوم, كن أول من يضع وسما على هذه التسجيلة!
|
| LEADER | 01302cam a2200313 4500 | ||
|---|---|---|---|
| 001 | u83476 | ||
| 003 | SIRSI | ||
| 008 | 890622s1987 my mt q00 1 may m | ||
| 015 | |a X880084937 | ||
| 035 | |a AAJ-0809 | ||
| 040 | |a UMM | ||
| 043 | |a a-my-wp | ||
| 090 | |a LB2157 |b M4Fadma | ||
| 091 | |a Microfiche 10744 | ||
| 100 | 0 | 0 | |a Fadzilah Muhammad Ali. |
| 245 | 1 | 0 | |a Masalah pelajar Maktab Perguruan Ilmu Khas, Kuala Lumpur / |c Fadzilah bt. Muhammad Ali. |
| 260 | |c 1987. | ||
| 300 | |a xii, 140 leaves ; |c 30cm | ||
| 500 | |a Also available on microfiche. Kuala Lumpur : Perpustakaan Universiti Malaya, 1996. 2 fiches : negative ; 11x15cm | ||
| 502 | |a Dissertation (M.Ed.) -- Fakulti Pendidikan, Universiti Malaya, 1987. | ||
| 504 | |a Bibliography: leaves 108-112. | ||
| 610 | 2 | 0 | |a Maktab Perguruan Ilmu Khas (Kuala Lumpur) |x Students. |
| 650 | 0 | |a Student teachers |z Malaysia |x Psychological aspects. | |
| 710 | 2 | 1 | |a Universiti Malaya. |b Fakulti Pendidikan. |
| 948 | |a 17/03/1991 |b 30/07/2002 | ||
| 596 | |a 1 8 | ||
| 999 | |a F LB2157 M4FADMA |w LC |c 1 |i A010577530 |d 20/10/2010 |e 20/10/2010 |l STACKS |m P01UTAMA |n 28 |r Y |s Y |t TESIS |u 21/1/1992 | ||
| 999 | |a LB2157 M4FADMA |w LC |c 1 |i A506700421 |l STACKS |m P08PENDIDI |r Y |s Y |t TESIS |u 6/11/1997 | ||
| 999 | |a LB2157 M4FADMA |w LC |c 2 |i A506700467 |l STACKS |m P08PENDIDI |r Y |s Y |t TESIS |u 6/11/1997 | ||
